书目信息 |
| 题名: |
辩证法的具体性
|
|
| 作者: | 王英 著 | |
| 分册: | ||
| 出版信息: | 长春 东北师范大学出版社 2014 |
|
| 页数: | 176页 | |
| 开本: | 23cm | |
| 丛书名: | ||
| 单 册: | ||
| 中图分类: | B015 | |
| 科图分类: | ||
| 主题词: | 辩证法--研究 , 辩证法 | |
| 电子资源: | ||
| ISBN: | 978-7-5602-9562-6 | |
| 000 | 01044nam0 2200265 45 | |
| 001 | 012001002656 | |
| 005 | 20140926114740.0 | |
| 010 | @a978-7-5602-9562-6@dCNY38.00 | |
| 100 | @a20141101d2014 em y0chiy50 ea | |
| 101 | 0 | @achi |
| 102 | @aCN@b220000 | |
| 105 | @ay z 000yy | |
| 106 | @ar | |
| 200 | 1 | @a辩证法的具体性@9bian zheng fa de ju ti xing@e马克思与黑格尔的逻辑学比较研究@dThe concrete of dialectics@ea comparative study of Marx and Hegel''s logic@f王英著@zeng |
| 210 | @a长春@c东北师范大学出版社@d2014 | |
| 215 | @a176页@d23cm | |
| 300 | @a并列题名:Concrete of dialectics | |
| 330 | @a本书是关于马克思主义辩证法方面的学术研究著作,内容包括:辩证法批判的对象和立脚点,辩证法的运动过程,辩证法的结局,抽象性、具体性与多重可能性的哲学诉求。 | |
| 510 | 1 | @aConcrete of dialectics@ea comparative study of Marx and Hegel''s logic@zeng |
| 606 | 0 | @a辩证法@x研究 |
| 606 | 0 | @a辩证法 |
| 690 | @aB015@v5 | |
| 701 | 0 | @a王英@9wang ying@c(女,@f1983-)@4著 |
| 801 | 0 | @aCN@b上海新华@c20180901 |
| 905 | @b1158395-9@dB015@e309@f5 | |
| 辩证法的具体性:马克思与黑格尔的逻辑学比较研究=The concrete of dialectics:a comparative study of Marx and Hegel''s logic/王英著.-长春:东北师范大学出版社,2014 |
| 176页;23cm |
| 并列题名:Concrete of dialectics |
| ISBN 978-7-5602-9562-6:CNY38.00 |
| 本书是关于马克思主义辩证法方面的学术研究著作,内容包括:辩证法批判的对象和立脚点,辩证法的运动过程,辩证法的结局,抽象性、具体性与多重可能性的哲学诉求。 |
| ● |
| 相关链接 |
|
|
|
|
正题名:辩证法的具体性
索取号:B015/309
 
预约/预借
| 序号 | 登录号 | 条形码 | 馆藏地/架位号 | 状态 | 备注 |
| 1 | 1158395 | 211583954 | 第一样本阅览室/ [索取号:B015/309] | 在馆 | |
| 2 | 1158396 | 211583963 | 第一借阅区/ [索取号:B015/309] | 在馆 | |
| 3 | 1158397 | 211583972 | 第一借阅区/ [索取号:B015/309] | 在馆 | |
| 4 | 1158398 | 211583981 | 第一借阅区/ [索取号:B015/309] | 在馆 | |
| 5 | 1158399 | 211583990 | 第一借阅区/ [索取号:B015/309] | 在馆 |